000 00694nam a22002890a 4500
001 PT52071
003 AR-LpoUNG
005 20210131231454.0
008 191001s1993||||sp |||||||||||||||||spa d
020 _a844730177x
_c$37
040 _aAR-LpoUNG
_bspa
_cAR-LpoUNG
_eaacr
041 _aspa
044 _asp
082 0 _aA863 282ges
100 1 _aAguinis, Marcos
245 1 3 _aLa gesta del marrano
250 _a1ยง ed.
260 _aBarcelona :
_bPlaneta,
_cagosto 1993.
300 _a535 p. :
_btbls., mapa
650 4 _aARGENTINA
650 4 _aLITERATURA
650 4 _aNOVELAS
651 4 _aArgentina
653 _aLITERATURA ARGENTINA
905 _a52071
942 _cLIB
999 _c10232
_d10232